A-Z: Animal names containing "the" - Statistics

General Stats
  • This quiz has been taken 5 times
  • The average score is 13 of 26
Answer Stats
First initial Clue Animal % Correct
A Early humanoid found in the Southern Hemisphere Australopithecus
100%
B Type of hammerhead, except with a word for headgear associated with Easter or babies, instead of "hammer" Bonnethead shark
80%
C Night-butterfly associated with the things that we wear Clothes moth
80%
F Echinoderm bearing the words for a bird's plume and a sun Feather star
80%
L Large oceanic reptile, named after cow skin material used for clothing Leatherback turtle
80%
N Red songbird whose name means a high-ranking Catholic official from the upper part of the map Northern cardinal
80%
P A word for a big cat, often a black variant Panther
80%
Q Band of musical apes led by Josh Homme, who recorded Rated R Queens of the Stone Age
80%
S Usual name for smilodon, the extinct feline with a sword in its name Sabre-toothed tiger
80%
Y Species of F, named after a colour Yellow feather star
80%
G The biggest-ever ape, with a giant version of A's name Gigantopithecus
60%
J Fish whose name can be assembled from the clues "Electric shock", "Leader" and "Bess's lover" Jolthead Porgy
60%
K Fish whose name means "ruler of the [migratory fish]" King-of-the-salmon
60%
M Small fish of the profound Minnow of the deep
60%
T Fish whose name means a tri-dental cigarette smoker Three-toothed puffer
60%
W Meteorological-sounding sea creature Weatherfish
60%
X Bird named after an Amazon tributary, whose beak resembles the Devil's curved blade Xingu scythebill
60%
E South American fish which appears to nibble mud Eartheater
40%
U The extinct Atlas bear's scientific name, meaning "Arctic bear discovered by Crowther" Ursus arctos crowtheri
20%
D Bird of prey whose named means "two teeth" and a wind-flying toy Double-toothed kite
0%
H Hapless-sounding fish with a name mentioning a metal Haplochromis thereuterion
0%
I Australian rainbowfish which is an anagram of "Rare in Haiti" Iriatherina
0%
O Dragonfly genus; it is a slight variation on the name of the Greek goddess of wild animals, the equivalent of the Roman Diana Orthemis
0%
R Soil-munching fish with a rounded scarlet ridge on it Redhump eartheater
0%
V Varied and outwardly thematic-sounding monitor lizard Varanus exanthematicus
0%
Z Amaryllis genus whose name starts with a word for a wind, then a sociable insect Zephyranthes
0%
No matching quizzes found
Score Distribution
Percent of People with Each Score
Percentile by Number Answered
Your Score History
You have not taken this quiz